| 000 | 01151nas a2200193 a 4500 | ||
|---|---|---|---|
| 008 | 110808 2554 tha tha | ||
| 040 | _aTH-BaNU | ||
| 245 | 0 | 0 | _aวารสารสำนักยุทธศาสตร์และประเมินผล |
| 246 | 0 | _aStrategy & Evaluation Department | |
| 260 | 3 |
_aกรุงเทพมหานคร _bสำนักยุทธศาสตร์และประมวลผล _c2554 |
|
| 310 | _aราย 3 เดือน | ||
| 650 | 4 | _aด้านวิชาการ ด้านเทคโนโลยีสารสนเทศ | |
| 850 | _aKCNL | ||
| 942 | _cSER | ||
| 997 | _dKCNL:ISSN:0000-0531 | ||
| 998 |
_aissn.elf _ctiger _e20110808 _mtiger _u20121031 |
||
| 999 |
_c22574 _d22574 |
||